Vista normal
Vista MARC
Entrada Topical Term
Número de registros utilizados en: 1
001 - CONTROL NUMBER
- control field: 40682
003 - CONTROL NUMBER IDENTIFIER
- control field: OSt
005 - DATE AND TIME OF LATEST TRANSACTION
- control field: 20210921160622.0
008 - FIXED-LENGTH DATA ELEMENTS
- fixed length control field: 210921|| aca||aabn | a|a d
040 ## - CATALOGING SOURCE
- Original cataloging agency: OSt
- Transcribing agency: OSt
150 ## - HEADING--TOPICAL TERM
- Topical term or geographic name entry element: Finanzas públicas
- Geographic subdivision: Jalisco
670 ## - SOURCE DATA FOUND
- Source citation: Work cat.: (OSt)8594: Ruíz Durán, Clemente, 17727 autor, Esquema de regionalización y desarrollo local en Jalisco, México: , 2000